000 00710nam a2200133Ia 4500
008 171212s9999 xx 000 0 und d
020 _a9780833039828
100 _aKirby, Sheila Nataraj;McCombs, Jennifer Sloan;Barney, Heather;Naftel, Scott;Jennifer Sloan McCombs, ;Heather Barney, ;Scott Naftel,
245 _cKirby, Sheila Nataraj;McCombs, Jennifer Sloan;Barney, Heather;Naftel, Scott;Jennifer Sloan McCombs, ;Heather Barney, ;Scott Naftel,
_aReforming Teacher Education
_bSomething Old, Something New
260 _bRAND Corporation
_c2006
650 _aEducation
650 _aTeachers -- Training of -- United States; Educational change -- United States
856 _uwww.jstor.org/stable/10.7249/mg506edu
999 _c352488
_d352488